Southville International School and Colleges
Your cart is empty.
  • Cart
  • Lists
    Public lists Eva Luna New books Lux_list list_1
    Your lists Log in to create your own lists
  • Log in to your account
  • Your cookies
  • Search history
Southville International School and Colleges
  • Advanced search
  • Recent comments
  • Most popular
  • Libraries

Log in to your account

Log in with GOOGLE


If you do not have an external account, but do have a local account, you can still log in:

  1. Home
  2. MARC view: The english patient :
Normal view MARC view ISBD view

The english patient : (Record no. 2262)

[ view plain ]
MARC details
000 -LEADER
fixed length control field 01500cam a2200445 a 4500
001 - CONTROL NUMBER
control field 4887131
003 - CONTROL NUMBER IDENTIFIER
control field OSt
005 - DATE AND TIME OF LATEST TRANSACTION
control field 20151029140007.0
008 - FIXED-LENGTH DATA ELEMENTS--GENERAL INFORMATION
fixed length control field 930324r19931992nyu 000 1 eng
010 ## - LIBRARY OF CONGRESS CONTROL NUMBER
LC control number 93010492
020 ## - INTERNATIONAL STANDARD BOOK NUMBER
International Standard Book Number 9780679745204
040 ## - CATALOGING SOURCE
Original cataloging agency DLC
Transcribing agency DLC
Modifying agency DLC
043 ## - GEOGRAPHIC AREA CODE
Geographic area code e-it---
050 00 - LIBRARY OF CONGRESS CALL NUMBER
Classification number PR 9199.3
Item number .On58 1993
082 00 - DEWEY DECIMAL CLASSIFICATION NUMBER
Classification number IB 813.54
Item number On1e 1993
100 1# - MAIN ENTRY--PERSONAL NAME
Personal name Ondaatje, Michael,
Dates associated with a name 1943-
245 14 - TITLE STATEMENT
Title The english patient :
Remainder of title a novel /
Statement of responsibility, etc by Michael Ondaatje.
250 ## - EDITION STATEMENT
Edition statement 1st Vintage International ed.
260 ## - PUBLICATION, DISTRIBUTION, ETC. (IMPRINT)
Place of publication, distribution, etc New York :
Name of publisher, distributor, etc Vintage Books,
Date of publication, distribution, etc 1993.
300 ## - PHYSICAL DESCRIPTION
Extent 305 p. ;
Dimensions 21 cm.
Other physical details ill.;
521 ## - TARGET AUDIENCE NOTE
Source lexile
526 ## - STUDY PROGRAM INFORMATION NOTE
Reading level 1210L to 1700L
562 ## - COPY AND VERSION IDENTIFICATION NOTE
Number of copies 6
650 #0 - SUBJECT ADDED ENTRY--TOPICAL TERM
Topical term or geographic name as entry element World War, 1939-1945
Geographic subdivision Italy
General subdivision Fiction.
651 #0 - SUBJECT ADDED ENTRY--GEOGRAPHIC NAME
Geographic name Italy
General subdivision Fiction.
655 #7 - INDEX TERM--GENRE/FORM
Genre/form data or focus term Historical fiction.
Source of term gsafd
655 #7 - INDEX TERM--GENRE/FORM
Genre/form data or focus term War stories.
Source of term gsafd
856 42 - ELECTRONIC LOCATION AND ACCESS
Materials specified Contributor biographical information
Uniform Resource Identifier <a href="http://www.loc.gov/catdir/bios/random056/93010492.html">http://www.loc.gov/catdir/bios/random056/93010492.html</a>
856 41 - ELECTRONIC LOCATION AND ACCESS
Materials specified Sample text
Uniform Resource Identifier <a href="http://www.loc.gov/catdir/samples/random041/93010492.html">http://www.loc.gov/catdir/samples/random041/93010492.html</a>
856 42 - ELECTRONIC LOCATION AND ACCESS
Materials specified Publisher description
Uniform Resource Identifier <a href="http://www.loc.gov/catdir/description/random043/93010492.html">http://www.loc.gov/catdir/description/random043/93010492.html</a>
906 ## - LOCAL DATA ELEMENT F, LDF (RLIN)
a 7
b cbc
c orignew
d 1
e ocip
f 19
g y-gencatlg
942 ## - ADDED ENTRY ELEMENTS (KOHA)
Source of classification or shelving scheme Library of Congress Classification
Koha item type Books
Holdings
Withdrawn status Lost status Source of classification or shelving scheme Damaged status Home library Current library Shelving location Date acquired Total Checkouts Total Renewals Full call number Barcode Date last seen Date checked out Copy number Price effective from Koha item type Source of acquisition
    Library of Congress Classification   Luxembourg Library Luxembourg Library International Baccalaureate Section 03/08/2013 2 1 PR 9199.3 .On58 1992 16878 03/20/2019 03/18/2019 1 03/08/2013 Books  
    Library of Congress Classification   Luxembourg Library Luxembourg Library International Baccalaureate Section 03/08/2013     PR 9199.3 .On58 1992 16876 08/13/2013   2 03/08/2013 Books  
    Library of Congress Classification   Luxembourg Library Luxembourg Library International Baccalaureate Section 03/08/2013     PR 9199.3 .On58 1992 15913 08/13/2013   3 03/08/2013 Books  
    Library of Congress Classification   Luxembourg Library Luxembourg Library International Baccalaureate Section 03/08/2013     PR 9199.3 .On58 1992 15914 08/13/2013   4 03/08/2013 Books  
    Library of Congress Classification   Luxembourg Library Luxembourg Library Classic Section 03/08/2013 1 11 PR 9199.3 .On58 1992 15915 04/05/2017 02/23/2017 5 03/08/2013 Books Donation
    Library of Congress Classification   Luxembourg Library Luxembourg Library International Baccalaureate Section 03/08/2013     PR 9199.3 .On58 1992 16877 08/13/2013   6 03/08/2013 Books  

The english patient :

APA

Ondaatje M., . (1993). The english patient. New York: Vintage Books.

Chicago

Ondaatje Michael, . 1993. The english patient. New York: Vintage Books.

Harvard

Ondaatje M., . (1993). The english patient. New York: Vintage Books.

MLA

Ondaatje Michael, . The english patient. New York: Vintage Books. 1993.

  • Place hold
  • Print
  • Cite
  • Add to your cart (remove)
  • Save record
    BIBTEX Dublin Core MARCXML MARC (non-Unicode/MARC-8) MARC (Unicode/UTF-8) MARC (Unicode/UTF-8, Standard) MODS (XML) RIS
  • More searches
    Search for this title in:
    Other Libraries (WorldCat) Other Databases (Google Scholar) Online Stores (Bookfinder.com) Open Library (openlibrary.org)

Exporting to Dublin Core...

SOUTHVILLE LIBRARY

Southville International School and Colleges Library

1281 Tropical Ave. Cor. Luxembourg St., BF Homes International, Las Pinas City

Tel. No. 8256374 / 252358 Loc. 117/146

Powered by Koha